| 000 | 00474nam a2200133Ia 4500 | ||
|---|---|---|---|
| 008 | 160809s9999 xx 000 0 und d | ||
| 100 | _aZou, Ping. | ||
| 245 | _aExperiences of Immigrant Women with Postpartum Depression: An Interpretive Review | ||
| 245 | _cPing Zou. | ||
| 260 | _bJournal of Nursing and Care | ||
| 260 | _cFebruary 2016 | ||
| 650 | _xNURSING | ||
| 856 | _uhttp://www.omicsgroup.org/journals/ArchiveJNC/jnc-archive.php?journal=jnc&month=February&year=2021 | ||
| 999 |
_c300154 _d300154 |
||